000 00877nam a2200241 i 4500
001 117880
003 ES-MaACL
005 20250815102752.0
007 t|
008 070214s1951 ag r ||||1| spa d
100 1 _aPapp, Desiderio.
_988881
245 1 0 _aFilosofía de las leyes naturales /
_cDesiderio Papp ; con prólogo de Julio Rey Pastor y con prefacio para la segunda edición de Gastón Bachelard.
250 _a2ª ed.
260 _aBuenos Aires :
_bEspasa-Calpe,
_c1951.
300 _a178 p. ;
_c20 cm.
490 1 _aHistoria y filosofía de la ciencia
650 7 _aFilosofía de la naturaleza
_2embne
_912839
700 1 _aRey Pastor, Julio,
_d1888-1962
_996535
700 1 _aBachelard, Gaston.
_924466
830 0 0 _aHistoria y filosofía de la ciencia (Espasa-Calpe)
_9184348
852 _aES-MaACL
_jD-9064
_bR.31996
999 _c117880
_d117880